Striedanie na špici OSN
Spoveď Kofiho Annana, odchádzajúceho generálneho tajomníka OSN pred televíznymi kamerami. O tom, čo mohol urobiť a čo čaká nastupujúceho juhokórejského tajomníka Pan Ki-muna.
Uložené v:
| Hlavný autor: | |
|---|---|
| Médium: | Kapitola |
| Jazyk: | Slovak |
| Predmet: | |
| Tagy: |
Žiadne tagy, Buďte prvý, kto otaguje tento záznam!
|
MARC
| LEADER | 00000naa$a2200000$$$4500 | ||
|---|---|---|---|
| 001 | 0051175 | ||
| 005 | 20231009084353.9 | ||
| 041 | 0 | |a slo | |
| 044 | |a SK | ||
| 245 | 1 | 0 | |a Striedanie na špici OSN |c Adrian Peter Pressburg |
| 520 | |a Spoveď Kofiho Annana, odchádzajúceho generálneho tajomníka OSN pred televíznymi kamerami. O tom, čo mohol urobiť a čo čaká nastupujúceho juhokórejského tajomníka Pan Ki-muna. | ||
| 610 | 2 | 0 | |a vzťahy medzinárodné |
| 610 | 2 | 0 | |a politika medzinárodná |
| 610 | 2 | 0 | |a USA |
| 610 | 2 | 0 | |a OSN |
| 610 | 2 | 0 | |a lídri |
| 100 | 1 | |a Pressburg, Adrian Peter | |